[Event "GER-ch Net Amateur Gr-B Vor3"]
[Site "Playchess.com INT"]
[Date "2020.04.16"]
[Round "4"]
[White "Zhou, Lepu Coco"]
[Black "Heiser, Quentin"]
[Result "1-0"]
[WhiteElo "1693"]
[BlackElo "1588"]
[PlyCount "115"]
[EventDate "2020.04.16"]
[EventType "swiss (blitz)"]
[EventRounds "9"]
[EventCountry "GER"]
[SourceTitle "CBM 195 Extra"]
[Source "ChessBase"]
[SourceDate "2020.05.31"]
[SourceVersion "1"]
[SourceVersionDate "2020.05.31"]
[SourceQuality "1"]

1. e4 e5 2. Nf3 Nc6 3. Bb5 Nf6 4. 0-0 Bc5 5. c3 Bb6 6. d4 Nxe4 7. Re1 Nd6 8. Bxc6 dxc6 9. dxe5 Nf5 10. Qxd8+ Kxd8 11. Bg5+ Ke8 12. Na3 h6 13. Bd2 Be6 14. b3 Rd8 15. Rad1 Ke7 16. Nc2 Rhe8 17. Ncd4 Nxd4 18. Nxd4 Kf8 19. Nxe6+ Rxe6 20. c4 f6 21. Bb4+ Ke8 22. Rxd8+ Kxd8 23. Rd1+ Ke8 24. c5 Rxe5 25. cxb6 axb6 26. Re1 Rxe1+ 27. Bxe1 Kd7 28. f4 Ke6 29. Kf2 Kd5 30. Ke3 b5 31. Kd3 c5 32. Bg3 c6 33. f5 c4+ 34. bxc4+ bxc4+ 35. Kc3 b5 36. a3 c5 37. Bc7 Ke4 38. Bd6 Kd5 39. Bf8 Ke5 40. Bxg7 Kxf5 41. Bxh6 Ke4 42. Bf8 Kd5 43. h4 f5 44. h5 Ke6 45. h6 Kf6 46. Bxc5 Kg6 47. Be3 Kh7 48. Kb4 Kg6 49. Kxb5 c3 50. a4 c2 51. a5 Kf6 52. a6 Ke5 53. a7 f4 54. Bc1 Ke4 55. a8Q+ Kd3 56. Qf3+ Kd4 57. Qxf4+ Kd3 58. Qc4# 1-0

[Event "GER-ch Net Amateur Gr-B Vor1"]
[Site "Playchess.com INT"]
[Date "2020.04.14"]
[Round "9"]
[White "Heiser, Quentin"]
[Black "Alber, Jens Markus"]
[Result "0-1"]
[WhiteElo "1655"]
[BlackElo "1686"]
[PlyCount "122"]
[EventDate "2020.04.14"]
[EventType "swiss (blitz)"]
[EventRounds "9"]
[EventCountry "GER"]
[SourceTitle "EXT 2021"]
[Source "ChessBase"]
[SourceDate "2020.10.23"]
[SourceVersion "1"]
[SourceVersionDate "2020.10.23"]
[SourceQuality "1"]

1. e4 c5 2. Nf3 Nc6 3. d4 cxd4 4. Nxd4 g6 5. Be3 Nf6 6. Nc3 Bg7 7. f3 0-0 8. Qd2 d5 9. exd5 Nxd5 10. Nxd5 Qxd5 11. Nxc6 Qxc6 12. 0-0-0 Be6 13. Kb1 Rfc8 14. Bd3 Rd8 15. Bh6 Bf5 16. Bxg7 Kxg7 17. Qe3 Bxd3 18. Rxd3 Rxd3 19. Qxd3 Rc8 20. Re1 e6 21. Qd4+ Kg8 22. Re2 a6 23. Rd2 Qc5 24. Qxc5 Rxc5 25. Rd7 b5 26. Rd6 Re5 27. a3 a5 28. Ra6 a4 29. Rb6 Re1+ 30. Ka2 Re2 31. Rxb5 Rxc2 32. Rb4 Rxg2 33. h4 Rf2 34. f4 Rh2 35. Rxa4 Rxh4 36. Rc4 Kg7 37. a4 g5 38. a5 g4 39. a6 Rh5 40. Rb4 Ra5+ 41. Kb1 Rxa6 42. Rb3 Ra5 43. Rg3 h5 44. Kc2 Kf6 45. Kd3 Kf5 46. Ke3 Rb5 47. Rg2 Rb3+ 48. Kd2 Rxb2+ 49. Ke3 Rxg2 50. Kd3 h4 51. Kc3 Kxf4 52. Kb3 h3 53. Kb4 h2 54. Kb5 h1Q 55. Kc6 Rc2+ 56. Kd7 Qd5+ 57. Ke8 Rc8+ 58. Kxf7 e5+ 59. Kf6 Rf8+ 60. Kg6 Qe6+ 61. Kh5 Rh8# 0-1